Meilleur milieu par année UEFA (partie 3) - Statistiques

Statistiques générales
  • Ce quiz a été pris 426 fois
  • Le résultat moyen est 12 sur 18
Statistiques - réponses
Saison Pays Club Joueur % Correct
2016-2017 Croatie Real Madrid Luka Modric
96%
2017-2018 Croatie Real Madrid Luka Modric
96%
2018-2019 Italie Paris Saint-Germain Marco Verratti
94%
2019-2020 Belgique Manchester City FC Kevin De Bruyne
93%
2020-2021 France Chelsea FC N'Golo Kanté
93%
2008-2009 Espagne FC Barcelone Xavi
93%
1997-1998 France Juventus FC Zinédine Zidane
93%
2007-2008 Angleterre Chelsea FC Frank Lampard
80%
2004-2005 Brésil AC Milan Kaka
77%
2002-2003 RépubliqueTchèque Juventus FC Pavel Nedved
72%
2003-2004 Portugal FC Porto Deco
64%
2005-2006 Portugal FC Barcelone Deco
64%
2009-2010 Pays-Bas Inter Milan Wesley Sneijder
63%
1998-1999 Angleterre ManchesterUnited David Beckham
52%
2006-2007 Pays-Bas AC Milan Clarence Seedorf
51%
2001-2002 Allemagne Bayer Leverkusen Michael Ballack
39%
1999-2000 Espagne Valence CF Gaizka Mendieta
11%
2000-2001 Espagne Valence CF Gaizka Mendieta
11%
Aucun quiz correspondant
Distribution des résultats
% des personnes avec chaque résultat
Percentile par nombre de réponses
Votre historique - résultats
Vous n’avez pas pris ce quiz